Kỹ thuật môi trường
Giới thiệu các phương pháp kỹ thuật môi trường: Xử lý bụi, xử lý nước và xử lý chất thải rắn hữu cơ
Сохранить в:
| Другие авторы: | , , , , |
|---|---|
| Формат: | |
| Язык: | Vietnamese |
| Опубликовано: |
H.
khoa học và kỹ thuật
2001
|
| Предметы: | |
| Метки: |
Добавить метку
Нет меток, Требуется 1-ая метка записи!
|
| Thư viện lưu trữ: | Mạng thư viện Đại học Đà Nẵng |
|---|
| LEADER | 01536nam a2200409 4500 | ||
|---|---|---|---|
| 001 | 000009243 | ||
| 003 | 5438 | ||
| 005 | 20111025161052.0 | ||
| 008 | 111025s2001 viesd | ||
| 020 | |c 62000 | ||
| 041 | 0 | |a vie | |
| 082 | |a 363.7 |b Kyt | ||
| 245 | 0 | |a Kỹ thuật môi trường |c B.s: Hoàng Kim Cơ (Ch.b), Trần Hữu Uyển, Lương Đức Phẩm, Lý Kim Bảng, Dương Đức Hồng. | |
| 260 | |a H. |b khoa học và kỹ thuật |c 2001 | ||
| 300 | |a 431tr. |c 27cm | ||
| 500 | |a Thư mục: tr. 424-425 | ||
| 520 | |a Giới thiệu các phương pháp kỹ thuật môi trường: Xử lý bụi, xử lý nước và xử lý chất thải rắn hữu cơ | ||
| 653 | |a Môi trường | ||
| 653 | |a Nước uống | ||
| 653 | |a Xử lí môi trường | ||
| 653 | |a Chất thải | ||
| 700 | |a Trần Hữu Uyển |e Tác giả | ||
| 700 | |a Dương Đức Hồng |e Tác giả | ||
| 700 | |a Lương Đức Phẩm |e Tác giả | ||
| 700 | |a Lý Kim Bảng |e Tác giả | ||
| 700 | |a Hoàng Kim Cơ |e Chủ biên | ||
| 910 | |a Võ Quang Huy |d 25/10/2011 | ||
| OWN | |a LSP | ||
| AVA | |a UDN50 |b LSP |d 363.7 Kyt |e available |t Error 5001 Not defined in file expand_doc_bib_avail. |f 1 |g 0 |h N |i 1 |k 1 | ||
| 999 | |a From the UDN01 | ||
| AVA | |a UDN50 |b LSP |d 363.7 Kyt |e available |t Error 5001 Not defined in file expand_doc_bib_avail. |f 1 |g 0 |h N |i 1 |k 1 | ||
| TYP | |a Monograph | ||
| TYP | |a Printed language | ||
| 980 | |a Mạng thư viện Đại học Đà Nẵng | ||